[Event "Copenhagen Chess Challenge 2018"]
[Site "Ballerup"]
[Date "2018.04.27"]
[Round "4"]
[White "Stampe, Roger"]
[Black "Rostgaard, Tobias Valentin"]
[Result "0-1"]
[WhiteElo "1992"]
[BlackElo "2311"]
[EventDate "2018.04.25"]
[EventRounds "9"]
[EventCountry "Danmark"]
[WhiteFideId "1512102"]
[BlackFideId "1408801"]

1. f4 g6 2. Nf3 Bg7 3. g3 d5 4. Bg2 Nf6 5. d3 O-O 6. c3 c5 7. O-O b6 8. e4 dxe4 9. dxe4 Ba6 10. Re1 Qc7 11. e5 Rd8 12. Qb3 Nd5 13. Na3 c4 14. Qc2 e6 15. Qf2 Nd7 16. Be3 Bf8 17. Nc2 Nxe3 18. Qxe3 Bb7 19. Ng5 Nc5 20. Nd4 Rd7 21. b4 cxb3 22. axb3 h6 23. Bxb7 Qxb7 24. Ngf3 b5 25. b4 Na4 26. Nd2 Rc7 27. Ne4 Rac8 28. Rac1 Qb6 29. Kf1 a5 30. bxa5 Qxa5 31. Nb3 Qa6 32. Kg2 Qb7 33. Kh3 Nb6 34. Nd4 Nd5 35. Qf3 b4 36. Nf6+ Nxf6 37. Qxb7 Rxb7 38. exf6 bxc3 39. Rc2 Rb2 40. Rec1 Rxc2 41. Rxc2 Bb4 42. Ne2 Kh7 43. Kg4 Rc5 44. Kf3 g5 45. g4 Kg6 46. Nc1 Rd5 47. Ne2 Kxf6 48. Ke4 Rd2 49. Nd4 Bc5 50. fxg5+ hxg5 51. Rxc3 Rxd4+ 52. Kf3 Rf4+ 53. Kg3 Bd6 54. Kh3 Rf2  0-1

[Event "Copenhagen Chess Challenge 2018"]
[Site "Ballerup"]
[Date "2018.04.27"]
[Round "4"]
[White "Steenstrup, Svend"]
[Black "Thorsbro, Peter"]
[Result "1/2-1/2"]
[WhiteElo "1976"]
[BlackElo "2144"]
[EventDate "2018.04.25"]
[EventRounds "9"]
[EventCountry "Danmark"]
[WhiteFideId "1409182"]
[BlackFideId "1406671"]

1. d4 f5 2. c4 Nf6 3. Nf3 d6 4. Nc3 g6 5. g3 Bg7 6. Bg2 O-O 7. O-O c6 8. b3 e5 9. dxe5 dxe5 10. Ba3 Qxd1 11. Raxd1 Re8 12. Bd6 e4 13. Nd4 Nbd7 14. f3 exf3 15. exf3 Nf8 16. Rfe1 Rxe1+ 17. Rxe1 Ne4 18. Nxe4 Bxd4+ 19. Nf2 Bd7 20. Kf1 Re8 21. Rd1 c5 22. Nd3 b6 23. f4 Be6 24. Be5 Rd8 25. Ke2 Bxe5 26. Nxe5 Rxd1 27. Kxd1 Nd7 28. Nc6 a6 29. Nd8 Bf7 30. Bb7 a5 31. Kd2 Kg7 32. Bc8 Nf6 33. Nxf7 Kxf7 34. Bb7 Nd7 35. Bc6 Nf8 36. Bd5+ Kf6 37. h4 h6 38. Ke3 Ke7 39. a3 Nd7 40. Bc6 Nf6 41. Bf3 Ne8 42. h5 gxh5 43. Bxh5 Ng7 44. Bf3 Ne6 45. a4 Kf6 46. Bh5 Nd4 47. Bd1 Kg6 48. Kf2 Ne6 49. Kf3 Kf6 50. Ke3 Nd4 51. Kf2 Kg6 52. Kg2 Kf6 53. Kf2  1/2-1/2

[Event "Copenhagen Chess Challenge 2018"]
[Site "Ballerup"]
[Date "2018.04.27"]
[Round "4"]
[White "Liu, Casper Yukun"]
[Black "Andersen, Lars Ren"]
[Result "0-1"]
[WhiteElo "1898"]
[BlackElo "2116"]
[EventDate "2018.04.25"]
[EventRounds "9"]
[EventCountry "Danmark"]
[WhiteFideId "1454153"]
[BlackFideId "1404792"]

1. d4 Nf6 2. Bf4 e6 3. Nf3 c5 4. c3 Nc6 5. e3 Be7 6. Bd3 O-O 7. Nbd2 d5 8. Ne5 Nxe5 9. dxe5 Nd7 10. Qh5 f5 11. Nf3 Qe8 12. Qxe8 Rxe8 13. O-O h6 14. h4 Nf8 15. h5 Bd7 16. a4 a6 17. a5 Rec8 18. Nd2 Be8 19. Be2 c4 20. g4 Rc5 21. e4 fxe4 22. Be3 Rcc8 23. f3 exf3 24. Nxf3 Nh7 25. Rf2 Bd7 26. g5 hxg5 27. Nd4 Rf8 28. Bg4 Rxf2 29. Kxf2 Rf8+ 30. Ke2 Re8 31. Bxe6+ Bxe6 32. Nxe6 Bf8 33. Nxf8 Nxf8 34. Bd4 Nd7 35. Kf1 Nxe5 36. Re1 Rf8+ 37. Kg2 Nf3 38. Re7 Nxd4 39. cxd4 Rf4 40. Rxb7 Rxd4 41. Rb6 Rd3 42. Rxa6 Rd2+ 43. Kf1 Rxb2 44. Ra8+ Kh7 45. a6 Ra2 46. Ke1 c3 47. Kd1 d4 48. h6 d3 49. Ke1 gxh6 50. Ra7+ Kg6  0-1

[Event "Copenhagen Chess Challenge 2018"]
[Site "Ballerup"]
[Date "2018.04.27"]
[Round "4"]
[White "Rishovd, Svein"]
[Black "Kvaloy, Aksel Bu"]
[Result "1-0"]
[WhiteElo "2110"]
[BlackElo "1958"]
[EventDate "2018.04.25"]
[EventRounds "9"]
[EventCountry "Danmark"]
[WhiteFideId "1513060"]
[BlackFideId "1528815"]

1. d4 Nf6 2. c4 c5 3. d5 b5 4. cxb5 a6 5. bxa6 g6 6. Nc3 Bg7 7. a7 Rxa7 8. e4 O-O 9. Nf3 d6 10. Be2 e6 11. O-O exd5 12. exd5 Ba6 13. Bf4 Re8 14. Bb5 Ne4 15. Bxe8 Nxc3 16. bxc3 Bxf1 17. Qxf1 Qxe8 18. Bxd6 Nd7 19. Qc4 Ra3 20. Re1 Qa8 21. Ne5 Nxe5 22. Bxe5 Bxe5 23. Rxe5 Rxa2 24. g3 Ra1+ 25. Kg2 Qb8 26. Qe4 Qd6 27. c4 Rd1 28. Qf4 Kg7 29. Qe3 Rd4 30. Re4 Rd1 31. h4 h5 32. Qe2 Rb1 33. Qd3 Rb4 34. Re8 Rb6 35. Qc3+ Qf6 36. Qxf6+ Kxf6 37. Rc8 Ke5 38. Rxc5 Kd6 39. Rc6+ Rxc6 40. dxc6 Kxc6 41. Kf3 Kc5 42. Ke4 Kxc4 43. Ke5 Kd3 44. Kf6 Ke4 45. Kxf7 Kf5 46. f4 Kg4 47. Kxg6 Kxg3 48. Kg5  1-0

[Event "Copenhagen Chess Challenge 2018"]
[Site "Ballerup"]
[Date "2018.04.27"]
[Round "4"]
[White "Boe, Mads"]
[Black "Bronnum, Jan"]
[Result "1/2-1/2"]
[WhiteElo "2301"]
[BlackElo "2088"]
[EventDate "2018.04.25"]
[EventRounds "9"]
[EventCountry "Danmark"]
[WhiteFideId "1401408"]
[BlackFideId "1400908"]

1. e4 d5 2. exd5 Qxd5 3. Nc3 Qa5 4. d4 c6 5. Bc4 Nf6 6. Nf3 Bf5 7. Bd2 e6 8. Nd5 Qd8 9. Nxf6+ gxf6 10. Bb3 a5 11. a4 Bb4 12. c3 Bd6 13. Nh4 Bg6 14. Nxg6 hxg6 15. Bc2 Qc7 16. Qf3 Nd7 17. g3 O-O-O 18. O-O-O Rh3 19. Rdg1 Rdh8 20. Rg2 Kb8 21. Qe2 e5 22. dxe5 fxe5 23. f3 Nc5 24. Rd1 f5 25. Be3 Qe7 26. Rd2 Ne6 27. Bg1 Bc7 28. Qf2 b6 29. Qe2 Kb7 30. Qc4 Bd6 31. Bd3 Ra8 32. Bf1 Rhh8 33. Rge2 Rhd8 34. Re1 Kc7 35. Rde2 Qf6 36. Kb1 Rd7 37. Bf2 Kb7 38. Be3 Bc7 39. Bf2 Rd5 40. Rc2 Nc5 41. Rcc1 Qd6 42. Bxc5 Rxc5 43. Qe2 Rd5 44. Red1 Rd8 45. Rxd5 Qxd5 46. Kc2 Qa2  1/2-1/2

[Event "Copenhagen Chess Challenge 2018"]
[Site "Ballerup"]
[Date "2018.04.27"]
[Round "4"]
[White "Sorensen, Per Settergren"]
[Black "Vangsgaard, Claus"]
[Result "1-0"]
[WhiteElo "2034"]
[BlackElo "1938"]
[EventDate "2018.04.25"]
[EventRounds "9"]
[EventCountry "Danmark"]
[WhiteFideId "1413872"]
[BlackFideId "1417320"]

1. e4 c6 2. d4 d5 3. Nd2 dxe4 4. Nxe4 Bf5 5. Ng3 Bg6 6. h4 h6 7. h5 Bh7 8. Nf3 Nd7 9. Bd3 Bxd3 10. Qxd3 e6 11. Bd2 Qc7 12. O-O-O Ngf6 13. Ne4 Be7 14. Kb1 Nxe4 15. Qxe4 Nf6 16. Qe2 O-O 17. g4 Nxg4 18. Rhg1 f5 19. Qxe6+ Kh8 20. Ne5 Nxe5 21. dxe5 Bg5 22. Bxg5 Rae8 23. Qg6 hxg5 24. h6 Qf7 25. hxg7+ Qxg7 26. Qh5+ Qh7 27. Qxg5  1-0

[Event "Copenhagen Chess Challenge 2018"]
[Site "Ballerup"]
[Date "2018.04.27"]
[Round "4"]
[White "Larsen, Preben R."]
[Black "Pakmor, Claus"]
[Result "0-1"]
[WhiteElo "1796"]
[BlackElo "2010"]
[EventDate "2018.04.25"]
[EventRounds "9"]
[EventCountry "Danmark"]
[WhiteFideId "1425790"]
[BlackFideId "1431609"]

1. e4 e5 2. Nf3 Nc6 3. Bc4 Bc5 4. O-O Nf6 5. d4 Bxd4 6. Nxd4 Nxd4 7. Bg5 d6 8. f4 Qe7 9. Bxf6 gxf6 10. f5 Bd7 11. c3 Nc6 12. b4 Qf8 13. Qh5 h6 14. Rf3 Ne7 15. Nd2 c6 16. Be6 O-O-O 17. Bxf7 d5 18. Raf1 Kb8 19. exd5 cxd5 20. Nb3 b6 21. Be6 Bc6 22. Re3 Rh7 23. Rg3 Be8 24. Qh4 h5 25. Rd1 Bd7 26. Bxd7 Rxd7 27. Rf3 Qf7 28. Qf2 h4 29. Rd2 Rh5 30. Rd1 Qh7 31. Rf1 Nc8 32. Qd2 Qg8 33. R1f2 Nd6 34. Rf1 Ne4 35. Qe2 h3 36. g3 Rc7 37. Kh1 Rg5 38. Rc1 Qc8 39. Qb5 Rxc3 40. Rcxc3 Nxc3 41. Qf1 d4 42. Qxh3 Qc6 43. Qg2 Nd5 44. h4 Rh5 45. Kh2 Ne3 46. Rxe3 Qxg2+ 47. Kxg2 dxe3 48. Kf3 Rxf5+ 49. Kxe3 Kc7 50. Nd2 Kd6 51. Ne4+ Ke7 52. Nf2 Rh5 53. Ke4 Ke6 54. Nh3 Rh8 55. Nf2 Rd8 56. Nd3 Rd4+ 57. Ke3 Kd5 58. h5 Kc4 59. Nf2 Kxb4 60. h6 Rd7 61. Ng4 Rh7 62. Ke4 Ka3 63. Kf5 Kxa2 64. Kg6 Rxh6+ 65. Kxh6 b5 66. Nxf6 b4 67. g4 b3 68. Ne4 b2 69. g5 Kb3 70. g6 Kc2 71. g7 b1=Q 72. g8=Q Qh1+ 73. Kg6 Qxe4+ 74. Kf6 Qf4+ 75. Ke7 Qb4+ 76. Kf6 Qd4 77. Qa2+ Kd3 78. Qb1+ Ke2 79. Qa2+ Ke3 80. Qa3+ Ke4  0-1

[Event "Copenhagen Chess Challenge 2018"]
[Site "Ballerup"]
[Date "2018.04.27"]
[Round "4"]
[White "Petersen, Flemming Petri"]
[Black "Hansen, Rune"]
[Result "1-0"]
[WhiteElo "2078"]
[BlackElo "1967"]
[EventDate "2018.04.25"]
[EventRounds "9"]
[EventCountry "Danmark"]
[WhiteFideId "1402617"]
[BlackFideId "1500970"]

1. e4 c5 2. Nf3 d6 3. d4 cxd4 4. Nxd4 Nf6 5. Nc3 a6 6. Be3 e6 7. g3 Qc7 8. Bg2 Be7 9. O-O Bd7 10. f4 Nc6 11. Nxc6 Bxc6 12. g4 g6 13. Bd4 Rg8 14. Qe2 Nd7 15. Kh1 O-O-O 16. a4 Bf6 17. Bxf6 Nxf6 18. g5 Nd7 19. Nb5 Qb8 20. Nd4 Qc7 21. Rf3 Nb8 22. b4 Qb6 23. c3 Bd7 24. Qc4+ Qc7 25. Qf1 e5 26. fxe5 dxe5 27. Nb3 Be6 28. Nc5 Qe7 29. Bh3 Bxh3 30. Qxh3+ Kc7 31. Raf1 Rdf8 32. Qxh7 Rh8 33. Qxh8 Rxh8 34. Rxf7 Rh7 35. Rxe7+ Rxe7 36. Rf6 Nd7 37. Nxd7 Rxd7 38. Rxg6 Rd3 39. Rf6 Kd7 40. g6 Ke7 41. Rf7+ Ke6 42. Rxb7 Rxc3 43. Rb6+  1-0

[Event "Copenhagen Chess Challenge 2018"]
[Site "Ballerup"]
[Date "2018.04.27"]
[Round "4"]
[White "Vangsgaard, Freja"]
[Black "Saravana, Vedant Kumar"]
[Result "1-0"]
[WhiteElo "1970"]
[BlackElo "1447"]
[EventDate "2018.04.25"]
[EventRounds "9"]
[EventCountry "Danmark"]
[WhiteFideId "1436589"]
[BlackFideId "45059730"]

1. d4 d5 2. c4 c6 3. Nf3 Nf6 4. Bg5 Nbd7 5. e3 e6 6. Nc3 Be7 7. cxd5 Nxd5 8. Bxe7 Qxe7 9. Bd3 Nxc3 10. bxc3 Nb6 11. O-O O-O 12. Qc2 h6 13. Rab1 Nd5 14. Ne5 Nf6 15. Rb2 Qc7 16. Qb1 Nd5 17. Rc1 Nb6 18. Bh7+ Kh8 19. Be4 Rb8 20. Bf3 Bd7 21. h3 Na4 22. Rb4 Nb6 23. c4 Kg8 24. a4 Na8 25. c5 Bc8 26. Nxc6 bxc6 27. Rxb8 Nb6 28. Rxb6 axb6 29. Qxb6 Qe7 30. Bxc6 Bd7 31. Bxd7 Qxd7 32. a5 Rc8 33. a6 Ra8 34. Qb7 Qd8 35. c6 Rb8 36. c7 Rc8 37. cxd8=Q+ Rxd8 38. Rc8 Rxc8 39. Qxc8+  1-0

[Event "Copenhagen Chess Challenge 2018"]
[Site "Ballerup"]
[Date "2018.04.27"]
[Round "4"]
[White "Tenold, Andreas"]
[Black "Haubro, Sigfred"]
[Result "1-0"]
[WhiteElo "1755"]
[BlackElo "2142"]
[EventDate "2018.04.25"]
[EventRounds "9"]
[EventCountry "Danmark"]
[WhiteFideId "1525840"]
[BlackFideId "1405420"]

1. d4 d5 2. c4 e6 3. Nc3 f5 4. Nf3 Nf6 5. Bf4 c6 6. e3 Be7 7. Bd3 O-O 8. O-O Qe8 9. Rb1 Ne4 10. Qc2 Nd7 11. Rbc1 Ndf6 12. h3 h6 13. Ne5 Nh5 14. Bh2 g5 15. g4 Ng7 16. f3 Nf6 17. cxd5 Nxd5 18. Nxd5 exd5 19. f4 Bd6 20. fxg5 hxg5 21. gxf5 Qh5 22. Ng6 Bxh2+ 23. Kxh2 Rf6 24. Qg2 Bd7 25. Rf3 Re8 26. Qg4 Qh6 27. Ne5 Re7 28. Rg1 Be8 29. Qxg5 Qxg5 30. Rxg5 c5 31. Ng6 Rc7 32. Rfg3 Rb6 33. Rg2 c4 34. Bb1 c3 35. Nf4 Rxb2 36. Bc2 Rxc2 37. Rxc2 Ba4 38. Rc1 Kh7 39. Nxd5 Rf7 40. Rxc3 Nxf5 41. Rc7 Rxc7 42. Nxc7 Nxe3 43. Ra5 Bc6 44. d5 Bd7 45. Rxa7 Bc8 46. Ra8 Bf5 47. Rb8 Be4 48. Rxb7 Kg6 49. Rb6+ Kf7 50. Re6 Nf1+ 51. Kg1 Bxd5 52. Kxf1 Bxe6 53. Nxe6 Kxe6 54. a4  1-0

[Event "Copenhagen Chess Challenge 2018"]
[Site "Ballerup"]
[Date "2018.04.27"]
[Round "4"]
[White "Sundin, Sven-Ingvar"]
[Black "Nielsen, Thomas"]
[Result "0-1"]
[WhiteElo "1663"]
[BlackElo "1585"]
[EventDate "2018.04.25"]
[EventRounds "9"]
[EventCountry "Danmark"]
[WhiteFideId "1724517"]
[BlackFideId "1431676"]

1. e4 e6 2. d4 d5 3. Nd2 Nf6 4. e5 Nfd7 5. f4 c5 6. c3 Nc6 7. Ndf3 Qb6 8. g3 cxd4 9. cxd4 Bb4+ 10. Kf2 O-O 11. Bh3 Re8 12. Ne2 f6 13. Kg2 fxe5 14. fxe5 Nf8 15. Rf1 Bd7 16. Qd3 Be7 17. a3 Na5 18. Nc3 Rac8 19. b4 Nb3 20. Rb1 Nxc1 21. Rbxc1 Rc4 22. Rf2 Rec8 23. Rfc2 a5 24. bxa5 Qxa5 25. Nd2 R4c7 26. a4 Ba3 27. Nxd5 Qxd5+  0-1

[Event "Copenhagen Chess Challenge 2018"]
[Site "Ballerup"]
[Date "2018.04.27"]
[Round "4"]
[White "Adinolfi, Vincenzo"]
[Black "Sorensen, Bernhard W"]
[Result "1-0"]
[WhiteElo "2053"]
[BlackElo "1762"]
[EventDate "2018.04.25"]
[EventRounds "9"]
[EventCountry "Danmark"]
[WhiteFideId "805556"]
[BlackFideId "1442074"]

1. d4 e6 2. c4 f5 3. g3 Nf6 4. Bg2 d5 5. Nc3 c6 6. Nf3 Bd6 7. Bf4 O-O 8. Ne5 Nh5 9. c5 Bc7 10. Bd2 Nd7 11. f4 Nhf6 12. O-O Ne4 13. Nxe4 fxe4 14. b4 Nxe5 15. dxe5 b6 16. Bc3 bxc5 17. bxc5 Ba6 18. Rf2 Qe7 19. Qd4 Bc4 20. e3 Rab8 21. Bf1 Bxf1 22. Raxf1 Rb5 23. f5 exf5 24. Rxf5 Rxf5 25. Rxf5 Qe6 26. Rf1 Bd8 27. Qa4 a5 28. Bd4 Bc7 29. Qc2 Bxe5 30. Qf2 Bf6 31. Qf4 Qe7 32. Bxf6 gxf6 33. Qg4+ Kf7 34. Qh5+ Kg7 35. Qg4+ Kf7 36. Qf5 Kg7 37. Rf4 Rb1+ 38. Kg2 Rb2+ 39. Kh3 Qf7 40. Rg4+ Kf8 41. Qc8+ Ke7 42. Qc7+ Kf8 43. Qd8+ Qe8 44. Qxf6+ Qf7 45. Qd8+ Qe8 46. Rg8+ Kxg8 47. Qxe8+  1-0

[Event "Copenhagen Chess Challenge 2018"]
[Site "Ballerup"]
[Date "2018.04.27"]
[Round "4"]
[White "Jorgensen, Olav Erstad"]
[Black "Hentley, Darryl"]
[Result "1-0"]
[WhiteElo "1636"]
[BlackElo "1544"]
[EventDate "2018.04.25"]
[EventRounds "9"]
[EventCountry "Danmark"]
[WhiteFideId "1457063"]
[BlackFideId "16205650"]

1. d4 c6 2. c3 d5 3. Bf4 Nf6 4. e3 Qb6 5. Qb3 Bf5 6. Nf3 Nbd7 7. Nbd2 Be4 8. Be2 c5 9. Nxe4 dxe4 10. Ne5 Qxb3 11. axb3 Nxe5 12. Bxe5 e6 13. O-O Be7 14. Bb5+ Kd8 15. Rfd1 Kc8 16. Bc4 Rg8 17. d5 Nd7 18. Bg3 f5 19. d6 Bd8 20. Bxe6 Rf8 21. Rd5 Bb6 22. Rxf5 Rxf5 23. Bxf5 Kd8 24. Bxe4 Rb8 25. Bxh7 Nf6 26. Bf5 a6 27. e4 g5 28. e5 Nh5 29. e6 Nxg3 30. hxg3 c4 31. Re1 Bc5 32. e7+ Ke8 33. d7+ Kf7 34. e8=Q+ Rxe8 35. dxe8=Q+ Kf6 36. Qg6#  1-0

[Event "Copenhagen Chess Challenge 2018"]
[Site "Ballerup"]
[Date "2018.04.27"]
[Round "5"]
[White "Thybo, Jesper Sondergaard"]
[Black "Urkedal, Frode Olav Olsen"]
[Result "1-0"]
[WhiteElo "2473"]
[BlackElo "2560"]
[EventDate "2018.04.25"]
[EventRounds "9"]
[EventCountry "Danmark"]
[WhiteFideId "1438832"]
[BlackFideId "1506102"]

1. d4 Nf6 2. c4 e6 3. Nc3 Bb4 4. Qc2 d5 5. a3 Bxc3+ 6. Qxc3 dxc4 7. Qxc4 b6 8. Bg5 Ba6 9. Bxf6 Qxf6 10. Qa4+ c6 11. Nf3 O-O 12. e3 Bxf1 13. Kxf1 c5 14. Ke2 a6 15. Rhc1 b5 16. Qd1 c4 17. b3 cxb3 18. Qxb3 Nd7 19. a4 Rab8 20. axb5 Rxb5 21. Qa4 g5 22. Qxa6 Rb2+ 23. Ke1 g4 24. Nd2 Nb6 25. Rab1 Rxb1 26. Rxb1 Nd5 27. Qd6 h5 28. Rb5 Qg6 29. e4 Nc3 30. Rb8 Rxb8 31. Qxb8+ Kg7 32. Qe5+ Qf6 33. Qc5  1-0

[Event "Copenhagen Chess Challenge 2018"]
[Site "Ballerup"]
[Date "2018.04.27"]
[Round "5"]
[White "Haubro, Martin"]
[Black "Pajeken, Wolfgang"]
[Result "1/2-1/2"]
[WhiteElo "2358"]
[BlackElo "2243"]
[EventDate "2018.04.25"]
[EventRounds "9"]
[EventCountry "Danmark"]
[WhiteFideId "1414291"]
[BlackFideId "4622170"]

1. e4 e5 2. Nf3 Nc6 3. Bb5 a6 4. Ba4 Nf6 5. O-O Be7 6. Re1 b5 7. Bb3 d6 8. c3 O-O 9. h3 Na5 10. Bc2 c5 11. d4 Qc7 12. Nbd2 cxd4 13. cxd4 Rd8 14. Nf1 exd4 15. Ng3 Nc6 16. Bf4 h6 17. Ne2 d3 18. Bxd3 Ne5 19. Ned4 Nxd3 20. Qxd3 Bb7 21. Nf5 Bf8 22. Qd4 Ne8 23. Rac1 Qd7 24. Qd3 Rac8 25. Rxc8 Rxc8 26. N3d4 Qd8 27. Qg3 Kh7 28. Qb3 Rc4 29. Qd3 g6 30. Ne3 Rc8 31. Bg3 Bg7 32. Rd1 Qf6 33. f3 Kg8 34. Bf2 Qe5 35. Qb3 Nc7 36. Ng4 Qe7 37. a4 h5 38. Ne3 Qe5 39. axb5 Nxb5 40. Nc4 Qc5 41. Nxb5 Qxc4 42. Qxc4 Rxc4 43. Nxd6 Rb4 44. Nxb7 Rxb7 45. Ra1 Rxb2 46. Rxa6 Rb1+ 47. Kh2 Be5+ 48. Bg3 Bxg3+ 49. Kxg3 Rb2 50. h4 Kg7 51. Ra1 Re2 52. Rf1 Kf6 53. Rf2 Re1 54. Kf4 Rh1 55. g3 Rg1 56. Ra2 Ke6 57. Ra6+ Ke7 58. e5 Rg2 59. e6 fxe6 60. g4 hxg4 61. fxg4 Kf6 62. g5+ Kf7 63. Ra7+ Kf8 64. Ke5 Rf2 65. Kxe6 Rf4 66. Ke5 Rf5+ 67. Ke4 Rf1 68. Ra4 Kf7 69. Ra3 Rh1 70. Rf3+ Kg7 71. Rf4 Re1+ 72. Kd5 Ra1 73. Rd4 Rf1 74. Ke6  1/2-1/2

[Event "Copenhagen Chess Challenge 2018"]
[Site "Ballerup"]
[Date "2018.04.27"]
[Round "5"]
[White "Hector, Jonny"]
[Black "Boe Olsen, Filip"]
[Result "1-0"]
[WhiteElo "2502"]
[BlackElo "2309"]
[EventDate "2018.04.25"]
[EventRounds "9"]
[EventCountry "Danmark"]
[WhiteFideId "1700090"]
[BlackFideId "1440640"]

1. e4 c6 2. Nc3 d5 3. Nf3 Bg4 4. h3 Bxf3 5. gxf3 Nf6 6. d4 e6 7. Be3 Nbd7 8. Qd2 Qa5 9. Bd3 O-O-O 10. a3 dxe4 11. fxe4 e5 12. d5 cxd5 13. Nxd5 Qxd2+ 14. Bxd2 Nc5 15. Bg5 Rd6 16. Bxf6 gxf6 17. b4 Nxd3+ 18. cxd3 f5 19. Ke2 Kb8 20. Rhd1 Rh6 21. exf5 Rxh3 22. Rh1 Rh6 23. Kf3 Rc6 24. Rh5 a5 25. Rah1 axb4 26. axb4 h6 27. f6 Re6 28. Ke4 Rg8 29. Rxe5 Bd6 30. d4 Bxe5 31. dxe5 Rc6 32. Rxh6 Rc4+ 33. Kf5 Rd8 34. Ne3 Rxb4 35. Rh7 Rf8 36. Ng4 Rc4 37. Nh6 b5 38. Nxf7 b4 39. Nd6 Rc7 40. Rh4 Rc3 41. Rxb4+  1-0

[Event "Copenhagen Chess Challenge 2018"]
[Site "Ballerup"]
[Date "2018.04.27"]
[Round "5"]
[White "Fries Nielsen, Jens Ove"]
[Black "Sonis, Francesco"]
[Result "0-1"]
[WhiteElo "2358"]
[BlackElo "2448"]
[EventDate "2018.04.25"]
[EventRounds "9"]
[EventCountry "Danmark"]
[WhiteFideId "1400142"]
[BlackFideId "895733"]

1. e4 c5 2. Nc3 d6 3. g3 Nc6 4. Bg2 g6 5. d3 Bg7 6. Be3 Rb8 7. Nh3 b5 8. a3 a5 9. O-O b4 10. axb4 axb4 11. Na4 Nf6 12. f4 Ng4 13. Bd2 h5 14. c3 h4 15. gxh4 Rxh4 16. Qe1 e5 17. f5 Bh6 18. Bxh6 Nxh6 19. Qe3 gxf5 20. exf5 Ne7 21. Qg5 Nexf5 22. Bc6+ Bd7 23. Bxd7+ Kxd7 24. Rxf5 Rg4+ 25. Qxg4 Nxg4 26. Rxf7+ Kc6  0-1

[Event "Copenhagen Chess Challenge 2018"]
[Site "Ballerup"]
[Date "2018.04.27"]
[Round "5"]
[White "Percivaldi, Martin"]
[Black "Jacobsen, Mikkel Manosri"]
[Result "1-0"]
[WhiteElo "2398"]
[BlackElo "2172"]
[EventDate "2018.04.25"]
[EventRounds "9"]
[EventCountry "Danmark"]
[WhiteFideId "1508148"]
[BlackFideId "1444514"]

1. Nf3 d5 2. g3 g6 3. Bg2 Bg7 4. d4 Nf6 5. O-O O-O 6. c4 c6 7. Qb3 dxc4 8. Qxc4 Qd5 9. Qa4 Qh5 10. Re1 Na6 11. Nc3 c5 12. dxc5 Nxc5 13. Qa3 b6 14. Ng5 h6 15. Bxa8 hxg5 16. Bf3 Ng4 17. Bxg4 Bxg4 18. Be3 Ne6 19. f3 Bh3 20. Rad1 Bf6 21. Ne4 Kg7 22. Nxf6 exf6 23. Qe7 g4 24. f4 Bg2 25. Kxg2 Qh3+ 26. Kh1 Rh8 27. Bg1 Qxg3 28. Rd7 Rxh2+ 29. Bxh2 Qxe1+ 30. Bg1 Qh4+ 31. Kg2 Nxf4+ 32. Kf1 Kh6 33. Rd4 g3 34. Ke1 Kg7 35. Kd2 g5 36. Rd7 Qh5 37. Bd4 Qg6 38. Rd6  1-0

[Event "Copenhagen Chess Challenge 2018"]
[Site "Ballerup"]
[Date "2018.04.27"]
[Round "5"]
[White "Matthiesen, Martin"]
[Black "Bjerre, Jonas Buhl"]
[Result "0-1"]
[WhiteElo "2330"]
[BlackElo "2378"]
[EventDate "2018.04.25"]
[EventRounds "9"]
[EventCountry "Danmark"]
[WhiteFideId "1404067"]
[BlackFideId "1444948"]

1. d4 Nf6 2. c4 e6 3. Nc3 Bb4 4. Qc2 O-O 5. Nf3 c5 6. dxc5 Na6 7. g3 Nxc5 8. Bg2 b6 9. O-O Bb7 10. Nb5 Be4 11. Qd1 Nb7 12. a3 Be7 13. Bf4 Rc8 14. Rc1 a6 15. Nd6 Nxd6 16. Bxd6 Bxd6 17. Qxd6 Rc6 18. Qd4 d6 19. Rfd1 Qc7 20. Nd2 Bxg2 21. Kxg2 d5 22. Nf3 Rxc4 23. Rxc4 dxc4 24. Ne5 b5 25. Nd7 Nxd7 26. Qxd7 Qe5 27. Rd2 Qe4+ 28. Kg1 g6 29. Qd4 Qxd4 30. Rxd4 Rb8 31. Rd6 a5 32. Ra6 b4 33. axb4 axb4 34. Kf1 Kf8 35. f3 Ke7 36. Ke1 c3 37. bxc3 b3 38. Ra1 Kd6 39. Kd2 Kc5 40. Ra5+ Rb5 41. Rxb5+ Kxb5 42. Kc1 Kc4 43. Kb2 e5 44. h3 f5 45. e3 e4 46. f4 Kd3  0-1

[Event "Copenhagen Chess Challenge 2018"]
[Site "Ballerup"]
[Date "2018.04.27"]
[Round "5"]
[White "Mikalsen, Erlend"]
[Black "Strange, Mikkel"]
[Result "0-1"]
[WhiteElo "2307"]
[BlackElo "2363"]
[EventDate "2018.04.25"]
[EventRounds "9"]
[EventCountry "Danmark"]
[WhiteFideId "1507338"]
[BlackFideId "1402765"]

1. e4 e5 2. Nc3 Nc6 3. Bc4 Nf6 4. d3 Bc5 5. f4 d6 6. Nf3 Bg4 7. Na4 Bb6 8. Nxb6 axb6 9. O-O O-O 10. h3 Bxf3 11. Qxf3 b5 12. Bb3 Nd4 13. Qf2 Nxb3 14. cxb3 Nd7 15. f5 f6 16. g4 Ra6 17. Be3 Rf7 18. Qg3 d5 19. g5 fxg5 20. Bxg5 Qf8 21. a3 Rd6 22. Rac1 c6 23. Rcd1 Qe8 24. Kh2 h6 25. Be3 Nf6 26. Qf3 Rfd7 27. Rde1 dxe4 28. dxe4 Rd3 29. Qg2 Qh5 30. b4 Rb3 31. Rg1 Qh4 32. Bc1 g5 33. Re3 Rdd3 34. Rge1 Rxe3 35. Rxe3 Qf4+ 36. Rg3 Rxg3 37. Qxg3 Qxc1 38. Qxe5 Qf4+ 39. Qxf4 gxf4 40. e5 Nd7 41. e6 Nf6 42. Kg2 Kg7 43. Kf3 Nd5  0-1

[Event "Copenhagen Chess Challenge 2018"]
[Site "Ballerup"]
[Date "2018.04.27"]
[Round "5"]
[White "Laustsen, Lars"]
[Black "Danielsen, Henrik"]
[Result "0-1"]
[WhiteElo "2205"]
[BlackElo "2500"]
[EventDate "2018.04.25"]
[EventRounds "9"]
[EventCountry "Danmark"]
[WhiteFideId "1407554"]
[BlackFideId "1400185"]

1. d4 g6 2. c4 Bg7 3. g3 Nf6 4. Bg2 O-O 5. Nc3 d6 6. Nf3 Nc6 7. O-O Bf5 8. d5 Na5 9. b3 c5 10. Bb2 a6 11. Nd2 Rb8 12. e4 Bd7 13. h3 b5 14. Qc2 e5 15. Rfe1 Bh6 16. Bf1 Nh5 17. Qd1 bxc4 18. Nxc4 Nxc4 19. Bxc4 Bxh3 20. Bxa6 f5 21. exf5 Bxf5 22. Ne4 Qd7 23. Bd3 c4 24. Bxc4 Bxe4 25. Rxe4 Qa7 26. Qc2 Nxg3 27. Rg4 Rxf2  0-1

[Event "Copenhagen Chess Challenge 2018"]
[Site "Ballerup"]
[Date "2018.04.27"]
[Round "5"]
[White "Genov, Petar"]
[Black "Eriksson, Christian Altenburg"]
[Result "1/2-1/2"]
[WhiteElo "2435"]
[BlackElo "2136"]
[EventDate "2018.04.25"]
[EventRounds "9"]
[EventCountry "Danmark"]
[WhiteFideId "2900211"]
[BlackFideId "1412159"]

1. d4 d5 2. Bg5 h6 3. Bh4 c6 4. e3 Qb6 5. Qc1 Bf5 6. Nf3 Nd7 7. c4 e6 8. Nc3 Ngf6 9. Be2 Be7 10. O-O Qd8 11. a3 O-O 12. b4 Ne4 13. Bxe7 Qxe7 14. Rd1 Bg4 15. Qc2 f5 16. Rac1 Bxf3 17. Bxf3 Ng5 18. Be2 f4 19. exf4 Rxf4 20. g3 Nf3+ 21. Bxf3 Rxf3 22. Rd3 Rxd3 23. Qxd3 Nb6 24. cxd5 exd5 25. Rc2 Re8 26. Re2 Qf7 27. b5 Nc4 28. a4 Qh5 29. Kg2 Rxe2 30. Nxe2 Qe8 31. bxc6 bxc6 32. Kf1 a5 33. h4 Qe6 34. Nf4 Qe4 35. Qxe4 dxe4 36. Ne6 Nb6 37. Nd8 Nxa4 38. Nxc6 Kf7 39. Nxa5 Ke6 40. Ke2 Kd5 41. Ke3 Nc3 42. Nb3 Nd1+ 43. Ke2 Nc3+ 44. Kd2 Nb5 45. Ke3 Nc3 46. f3 exf3 47. Kxf3 g5 48. h5 Kc4 49. Nc5 Kxd4 50. Nd7 Nd5 51. g4 Ne7 52. Nf6  1/2-1/2